<?xml version="1.0" encoding="UTF-8"?>
<record
    xmlns:xsi="http://www.w3.org/2001/XMLSchema-instance"
    xsi:schemaLocation="http://www.loc.gov/MARC21/slim http://www.loc.gov/standards/marcxml/schema/MARC21slim.xsd"
    xmlns="http://www.loc.gov/MARC21/slim">

  <leader>01318naa a2200265 a 4500</leader>
  <controlfield tag="001">79166</controlfield>
  <controlfield tag="003">BD-RjUL</controlfield>
  <controlfield tag="005">20220112130421.0</controlfield>
  <controlfield tag="008">220112s1998    le ||||| |||| 00| 0 ara d</controlfield>
  <datafield tag="020" ind1=" " ind2=" ">
    <subfield code="a">9981261513</subfield>
  </datafield>
  <datafield tag="035" ind1=" " ind2=" ">
    <subfield code="a">(BD-RjUL)79166</subfield>
  </datafield>
  <datafield tag="040" ind1=" " ind2=" ">
    <subfield code="a">BD-RjUL</subfield>
    <subfield code="b">eng</subfield>
    <subfield code="c">BD-RjUL</subfield>
  </datafield>
  <datafield tag="041" ind1=" " ind2=" ">
    <subfield code="a">ara</subfield>
  </datafield>
  <datafield tag="082" ind1=" " ind2=" ">
    <subfield code="2">23</subfield>
    <subfield code="a">297.77</subfield>
    <subfield code="b">MIM 1998</subfield>
  </datafield>
  <datafield tag="100" ind1=" " ind2=" ">
    <subfield code="a"> &#x627;&#x62D;&#x628;&#x627;&#x62F;&#x648;&#x60C; &#x645;&#x64A;&#x644;&#x648;&#x62F; ;; Ahabado, Miloud </subfield>
    <subfield code="9">683</subfield>
  </datafield>
  <datafield tag="245" ind1=" " ind2=" ">
    <subfield code="a">&#x645;&#x646;&#x647;&#x62C; &#x627;&#x644;&#x625;&#x64A;&#x633;&#x64A;&#x633;&#x643;&#x648; &#x627;&#x644;&#x62A;&#x648;&#x62C;&#x64A;&#x647;&#x64A; &#x644;&#x62A;&#x643;&#x648;&#x64A;&#x646; &#x645;&#x643;&#x648;&#x646;&#x64A; &#x627;&#x644;&#x645;&#x62F;&#x627;&#x631;&#x633; &#x627;&#x644;&#x639;&#x631;&#x628;&#x64A;&#x629; &#x627;&#x644;&#x625;&#x633;&#x644;&#x627;&#x645;&#x64A;&#x629; /;;  Manhaj al-&#x12A;s&#x12B;sk&#x16B; al-tawj&#x12B;h&#x12B; li-takw&#x12B;n mukawwin&#x12B; al-mad&#x101;ris al-&#x2BB;Arab&#x12B;yah al-Isl&#x101;m&#x12B;yah /</subfield>
    <subfield code="c">ta&#x2BC;l&#x12B;f M&#x12B;l&#x16B;d A&#x1E25;b&#x101;d&#x16B;.-- [and others]. ;;  &#x62A;&#x623;&#x644;&#x64A;&#x641; &#x645;&#x64A;&#x644;&#x648;&#x62F; &#x627;&#x62D;&#x628;&#x627;&#x62F;&#x648; ... [&#x648;&#x622;&#x62E;.]</subfield>
  </datafield>
  <datafield tag="260" ind1=" " ind2=" ">
    <subfield code="a">&#x627;&#x644;&#x631;&#x628;&#x627;&#x637;:  [Rabat] : </subfield>
    <subfield code="b">&#x627;&#x644;&#x645;&#x646;&#x638;&#x645;&#x629; &#x627;&#x644;&#x625;&#x633;&#x644;&#x627;&#x645;&#x64A;&#x629; &#x644;&#x644;&#x62A;&#x631;&#x628;&#x64A;&#x629; &#x648;&#x627;&#x644;&#x639;&#x644;&#x648;&#x645; &#x648;&#x627;&#x644;&#x62B;&#x642;&#x627;&#x641;&#x629;&#x60C; &#x625;&#x64A;&#x633;&#x64A;&#x633;&#x643;&#x648;&#x60C;;;  al-Muna&#x1E93;&#x1E93;amah al-Isl&#x101;m&#x12B;yah lil-Tarbiyah wa-al-&#x2BB;Ul&#x16B;m wa-al-Thaq&#x101;fah, &#x12A;s&#x12B;sk&#x16B;, </subfield>
    <subfield code="c">1998</subfield>
  </datafield>
  <datafield tag="650" ind1=" " ind2=" ">
    <subfield code="a">Islamic education. </subfield>
    <subfield code="9">684</subfield>
  </datafield>
  <datafield tag="650" ind1=" " ind2=" ">
    <subfield code="a">Education </subfield>
    <subfield code="v">Arab countries.</subfield>
    <subfield code="9">685</subfield>
  </datafield>
  <datafield tag="650" ind1=" " ind2=" ">
    <subfield code="a">Education.</subfield>
    <subfield code="9">686</subfield>
  </datafield>
  <datafield tag="700" ind1=" " ind2=" ">
    <subfield code="a">Al Hamdi,  Khaled ;; &#x627;&#x644;&#x62D;&#x645;&#x62F;&#x64A;,  &#x62E;&#x627;&#x644;&#x62F;</subfield>
    <subfield code="9">687</subfield>
  </datafield>
  <datafield tag="700" ind1=" " ind2=" ">
    <subfield code="a">Hussein Aziz ;; &#x627;&#x644;&#x62D;&#x633;&#x64A;&#x646;,  &#x639;&#x632;&#x64A;&#x632;</subfield>
    <subfield code="9">688</subfield>
  </datafield>
  <datafield tag="700" ind1=" " ind2=" ">
    <subfield code="a">Hilali,  Mustafa  ;; &#x627;&#x644;&#x647;&#x644;&#x627;&#x644;&#x64A;,   &#x645;&#x635;&#x637;&#x641;&#x64A;</subfield>
    <subfield code="9">689</subfield>
  </datafield>
  <datafield tag="942" ind1=" " ind2=" ">
    <subfield code="2">ddc</subfield>
    <subfield code="c">BK</subfield>
  </datafield>
  <datafield tag="999" ind1=" " ind2=" ">
    <subfield code="c">79166</subfield>
    <subfield code="d">79166</subfield>
  </datafield>
  <datafield tag="952" ind1=" " ind2=" ">
    <subfield code="0">0</subfield>
    <subfield code="1">0</subfield>
    <subfield code="2">ddc</subfield>
    <subfield code="4">0</subfield>
    <subfield code="7">1</subfield>
    <subfield code="8">NFIC</subfield>
    <subfield code="a">RUCL</subfield>
    <subfield code="b">RUCL</subfield>
    <subfield code="c">Reading</subfield>
    <subfield code="d">1999-08-17</subfield>
    <subfield code="e"> &#x12A;s&#x12B;sk&#x16B; ;; &#x627;&#x644;&#x625;&#x64A;&#x633;&#x64A;&#x633;&#x643;&#x648;</subfield>
    <subfield code="o">A 297.77 MIM 1998</subfield>
    <subfield code="r">2022-01-12 00:00:00</subfield>
    <subfield code="t">C-1</subfield>
    <subfield code="y">BK</subfield>
  </datafield>
  <datafield tag="952" ind1=" " ind2=" ">
    <subfield code="0">0</subfield>
    <subfield code="1">0</subfield>
    <subfield code="2">ddc</subfield>
    <subfield code="4">0</subfield>
    <subfield code="7">1</subfield>
    <subfield code="8">NFIC</subfield>
    <subfield code="a">RUCL</subfield>
    <subfield code="b">RUCL</subfield>
    <subfield code="c">GEN</subfield>
    <subfield code="d">1999-08-17</subfield>
    <subfield code="e"> &#x12A;s&#x12B;sk&#x16B; ;; &#x627;&#x644;&#x625;&#x64A;&#x633;&#x64A;&#x633;&#x643;&#x648;</subfield>
    <subfield code="o">A 297.77 MIM 1998</subfield>
    <subfield code="r">2022-01-12 00:00:00</subfield>
    <subfield code="t">C-2</subfield>
    <subfield code="y">BK</subfield>
  </datafield>
</record>
